000 02003nam a2200493 i 4500
001 DIGCOLMX0515
003 NyNyDIG
006 m o d
007 cr |||||||||||
008 231209s2023 mx ob 000 0 spa d
035 _a(OCoLC)1406019315
040 _aDGITA
_beng
_erda
_epn
_cDGITA
020 _a9786075645292
_qelectrónica
020 _z9786075644271
_qimpreso
041 1 _aspa
_achi
_hchi
043 _aa-cc---
050 1 4 _aBL1900.L26 ebook
245 0 0 _aDao De Jing /
_ctraducción e introducción de Liljana Arsovska y Pablo Rodríguez Durán con la colaboración de Filippo Constantini.
250 _aPrimera edición electrónica.
264 1 _aCiudad de México, México :
_bEl Colegio de México,
_c2023.
300 _a1 online resource.
336 _atext
_btxt
_2rdacontent
337 _acomputer file
_bc
_2rdamedia
338 _aonline resource
_bcr
_2rdacarrier
347 _atext file
_2rdaft
347 _bEPUB
490 1 _aJornadas ;
_v179
504 _aIncludes bibliographical references.
546 _aText in Spanish with some text in Chinese and its translation into Spanish.
588 0 _aOnline resource; title from ePub title page (Digitalia, viewed December 9, 2023)
650 0 _aTaoism.
650 0 _aReligions.
651 0 _aChina
_xReligious life and customs.
700 1 _aArsovska, Liljana,
_etranslator,
_econtributor agent of text.
700 1 _aRodríguez Durán, Pablo,
_etranslator,
_econtributor agent of text.
700 1 _aConstantini, Filippo,
_etranslator,
_econtributor agent of text.
776 0 8 _iPrint version:
_tDao De Jing.
_bPrimera edición impresa.
_dCiudad de México, México : El Colegio de México, 2023
_z9786075644271
791 2 _aDigitalia (Firm),
_edistributor.
793 0 _gDigitalia eBook Collection:
_aEl Colegio de México
830 0 _aJornadas ;
_v179.
856 4 0 _3Digitalia Hispánica
_uhttps://www.digitaliapublishing.com/a/131884/
910 _aPremium collection: 2023
942 _cRAA
999 _c282043
_d282043